00731nam a2200193 i 450000100060000000300090000600500170001500700030003200800410003524501110007625000130018726000830020030000290028370000260031270000300033885200310036899900170039995201210041641571ES-MaACL20230906160445.0t|030311s1949 xxk ||||1| eng d00aCassell's new english dictionary / cedited by Ernest A. Baker, enlarged and revised by Arthur L. Hayward. a15th ed. aLondon, etc. : bCassell and Company, c[1949] (fWatford Taylor Garnet Evans) aXIII, 1682 p. ; c22 cm.1 aBaker, Ernest.9247731 aHayward, Arthur L.962220 aES-MaACLjD-7723 bR.29781 c41571d41571 00104070aATENEOMbATENEOMcSVId2008-01-17eSCl0oD-7723p901043763r2023-02-23 00:00:00w2023-02-23yMONOGRAFIA